| 000 | 00775nam a2200253 a 4500 | ||
|---|---|---|---|
| 001 | BRCA_5827 | ||
| 005 | 20190320205229.0 | ||
| 008 | 110311s1949----nyua######---#000-0#eng-# | ||
| 041 | _aeng | ||
| 044 | _anyu | ||
| 050 | 4 |
_aNK7210 _b.T46 1949 |
|
| 100 | 1 |
_aThorn, C. Jordan _914758 |
|
| 245 | 1 | 0 |
_aHandbook of American silver and pewter marks _cC. Jordan Thorn ; preface by John Meredith Graham II. |
| 260 |
_aNueva York _bTudor _c1949 |
||
| 300 |
_axii, 289 p. _bil., 42 láminas _c23 cm. |
||
| 500 | _aIncluye lista de ilustraciones | ||
| 500 | _aG37 | ||
| 650 | 1 | 4 |
_aMarcas de orfebrería _99229 |
| 650 | 1 | 4 |
_aPlatería _zEstados Unidos _914759 |
| 650 | 1 | 4 |
_aPeltre _zEstados Unidos _914760 |
| 700 | 1 |
_aMeredith Graham, John _914761 |
|
| 902 | _aGFM | ||
| 942 |
_2lcc _cB |
||
| 999 |
_c5516 _d5516 |
||